000 00634nam a2200217Ia 4500
003 OSt
005 20220925210518.0
006 a|||||r|||| 00| 0
007 ta
008 220923b |||||||| |||| 00| 0 eng d
037 _cGeneral Book
040 _aRTL
_cRTL
_beng
041 _2eng
_aeng
082 _aY:5.2344sP1, P3
100 _aCensus of India, 2001
245 0 _aLinguistic survey of India special studies. Dadar and Nagar Haveli
260 _aIndia
_bGovt. Press
_c2001
300 _avii, 87p
_ccm.
942 _hY:5.2344sP1, P3
_cGB
_2CC
999 _c555286
_d555286